Báo chí trong kinh tế thị trường

Uloženo v:
Podrobná bibliografie
Hlavní autor: Grabennhicov
Médium: Kniha
Jazyk:Undetermined
Vydáno: H. Thông Tấn 2003
Témata:
Tagy: Přidat tag
Žádné tagy, Buďte první, kdo otaguje tento záznam!
Thư viện lưu trữ: Trung tâm Học liệu Trường Đại học Cần Thơ
LEADER 00492nam a2200193Ia 4500
001 CTU_58405
008 210402s9999 xx 000 0 und d
020 |b 32000 
082 |a 070.4 
082 |b G727 
100 |a Grabennhicov 
245 0 |a Báo chí trong kinh tế thị trường 
245 0 |c Grabennhicov 
260 |a H. 
260 |b Thông Tấn 
260 |c 2003 
650 |a journalism 
904 |i Minh 
980 |a Trung tâm Học liệu Trường Đại học Cần Thơ